<?xml version="1.0" encoding="UTF-8"?><?xml-stylesheet type="text/xsl" href="static/style.xsl"?><OAI-PMH xmlns="http://www.openarchives.org/OAI/2.0/" xmlns:xsi="http://www.w3.org/2001/XMLSchema-instance" xsi:schemaLocation="http://www.openarchives.org/OAI/2.0/ http://www.openarchives.org/OAI/2.0/OAI-PMH.xsd"><responseDate>2026-04-27T13:07:53Z</responseDate><request verb="GetRecord" identifier="oai:uvadoc.uva.es:10324/51290" metadataPrefix="marc">https://uvadoc.uva.es/oai/request</request><GetRecord><record><header><identifier>oai:uvadoc.uva.es:10324/51290</identifier><datestamp>2026-03-13T12:39:38Z</datestamp><setSpec>com_10324_1166</setSpec><setSpec>com_10324_931</setSpec><setSpec>com_10324_894</setSpec><setSpec>col_10324_1338</setSpec></header><metadata><record xmlns="http://www.loc.gov/MARC21/slim" xmlns:doc="http://www.lyncode.com/xoai" xmlns:xsi="http://www.w3.org/2001/XMLSchema-instance" xmlns:dcterms="http://purl.org/dc/terms/" xsi:schemaLocation="http://www.loc.gov/MARC21/slim http://www.loc.gov/standards/marcxml/schema/MARC21slim.xsd">
<leader>00925njm 22002777a 4500</leader>
<datafield tag="042" ind1=" " ind2=" ">
<subfield code="a">dc</subfield>
</datafield>
<datafield tag="720" ind1=" " ind2=" ">
<subfield code="a">Sepliarsky Minadeo, Fernando César</subfield>
<subfield code="e">author</subfield>
</datafield>
<datafield tag="720" ind1=" " ind2=" ">
<subfield code="a">Tapias Martin, Raúl</subfield>
<subfield code="e">author</subfield>
</datafield>
<datafield tag="720" ind1=" " ind2=" ">
<subfield code="a">Acuña Rello, Luis</subfield>
<subfield code="e">author</subfield>
</datafield>
<datafield tag="260" ind1=" " ind2=" ">
<subfield code="c">2018</subfield>
</datafield>
<datafield tag="520" ind1=" " ind2=" ">
<subfield code="a">Utilizando el test de impacto, basado en la norma ASTM D1037-99, se compara la resistencia de&#xd;
diversas composiciones de fabricación de parquet multicapa de Eucalyptus globulus y Quercus robur,&#xd;
con distintos espesores de capa noble y utilizando para cada uno de ellos tres tipos diferentes de soporte&#xd;
base con el propósito de evaluar la aptitud de Eucalyptus globulus como parte destacada (capa noble)&#xd;
en la elaboración de un parquet multicapa.&#xd;
El resultado del ensayo de impacto resultó ser estadísticamente independiente de la especie utilizada&#xd;
(eucalipto o roble) como capa noble, habiéndose analizado con niveles de significación superiores al&#xd;
95%, siendo, sin embargo, dependiente del tipo de elemento de soporte utilizado y del espesor de la&#xd;
capa noble.&#xd;
Un modelo lineal, que utiliza la densidad media en los 4 primeros milímetros de profundidad de&#xd;
cada pieza, permitió explicar hasta un 82% de la variación del diámetro de huella en el ensayo de&#xd;
impacto, lo que permite utilizar con suficiente garantía esta densidad como predictor del diámetro de&#xd;
huella del ensayo de impacto.</subfield>
</datafield>
<datafield tag="024" ind2=" " ind1="8">
<subfield code="a">Maderas: Ciencia y Tecnología, 2018, vol. 20, n. 1. p. 103-116</subfield>
</datafield>
<datafield tag="024" ind2=" " ind1="8">
<subfield code="a">0718-221X</subfield>
</datafield>
<datafield tag="024" ind2=" " ind1="8">
<subfield code="a">https://uvadoc.uva.es/handle/10324/51290</subfield>
</datafield>
<datafield tag="024" ind2=" " ind1="8">
<subfield code="a">10.4067/S0718-221X2018005001901</subfield>
</datafield>
<datafield tag="024" ind2=" " ind1="8">
<subfield code="a">0</subfield>
</datafield>
<datafield tag="024" ind2=" " ind1="8">
<subfield code="a">ahead</subfield>
</datafield>
<datafield tag="024" ind2=" " ind1="8">
<subfield code="a">0</subfield>
</datafield>
<datafield tag="024" ind2=" " ind1="8">
<subfield code="a">Maderas. Ciencia y tecnología</subfield>
</datafield>
<datafield tag="024" ind2=" " ind1="8">
<subfield code="a">0718-221X</subfield>
</datafield>
<datafield tag="245" ind1="0" ind2="0">
<subfield code="a">Parquet multicapa de Eucalyptus globulus y Quercus robur . resistencia al impacto para diversas tipologías de fabricación</subfield>
</datafield>
</record></metadata></record></GetRecord></OAI-PMH>